True North : (Record no. 1593)

MARC details
000 -LEADER
fixed length control field 00394nam a22001337a 4500
008 - FIXED-LENGTH DATA ELEMENTS--GENERAL INFORMATION
fixed length control field 230620b xxu||||| |||| 00| 0 eng d
020 ## - INTERNATIONAL STANDARD BOOK NUMBER
International Standard Book Number 978-91-8920-426-3
082 ## - DEWEY DECIMAL CLASSIFICATION NUMBER
Classification number 948.5
Item number TRU 2004
245 ## - TITLE STATEMENT
Title True North :
Remainder of title the grand landscapes of Sweden /
Statement of responsibility, etc. Bokforlaget Max Strom
260 ## - PUBLICATION, DISTRIBUTION, ETC. (IMPRINT)
Place of publication, distribution, etc. Sweden:
Name of publisher, distributor, etc. Bokforlaget Max Strom
Date of publication, distribution, etc. 2004
300 ## - PHYSICAL DESCRIPTION
Extent 280p
500 ## - GENERAL NOTE
General note Colored Illustrations
942 ## - ADDED ENTRY ELEMENTS (KOHA)
Source of classification or shelving scheme Dewey Decimal Classification
Koha item type Books
Holdings
Withdrawn status Lost status Source of classification or shelving scheme Damaged status Not for loan Home library Current library Date acquired Total Checkouts Full call number Barcode Date last seen Price effective from Koha item type
    Dewey Decimal Classification     Bunge Tower Library Bunge Tower Library 10/01/2022   948.5 TRU 2004 20220136 06/20/2023 06/20/2023 Books
LIBRARY OPENING HOURS

When the Parliament is sitting: 8.00a.m - 7.00p.m or until the house adjourns
Mondays and Fridays and when the House is on Recess:  8.00a.m - 5.00p.m
Closed on Weekends and Public Holidays

Online Public Access Catalog (OPAC)
Website: http://www.parliament.go.ke
Bunge Library: https://libraryir.parliament.go.ke
Contact: library@parliament.go.ke | Tel no: (254-2)2221291 or 2848000 Ext 5043